[Event "Mogliano Veneto op-A 43th"]
[Site "Mogliano Veneto"]
[Date "2023.04.25"]
[Round "5"]
[White "Bozzao, Francesco"]
[Black "Budyi, Danylo"]
[Result "0-1"]
[WhiteElo "1806"]
[BlackElo "1963"]
[PlyCount "106"]
[EventDate "2023.04.23"]
[EventType "swiss"]
[EventRounds "5"]
[EventCountry "ITA"]
[SourceTitle "EXT 2024"]
[Source "ChessBase"]
[SourceDate "2023.10.10"]
[SourceVersion "1"]
[SourceVersionDate "2023.10.10"]
[SourceQuality "1"]

1. d4 d5 2. c4 e6 3. Nc3 Nf6 4. Bg5 Be7 5. Nf3 h6 6. Bh4 0-0 7. e3 c6 8. Rc1 Nbd7 9. Qc2 dxc4 10. Bxc4 b5 11. Bd3 Bb7 12. 0-0 a6 13. Rfd1 Rc8 14. Qe2 c5 15. dxc5 Rxc5 16. a3 Qc7 17. Na2 Rd8 18. b4 Bxf3 19. gxf3 Rxc1 20. Rxc1 Qb7 21. Be4 Nxe4 22. Bxe7 Re8 23. fxe4 Rxe7 24. f3 Ne5 25. Rc3 Rd7 26. Kg2 Nc4 27. Rd3 Kf8 28. Nc1 Ke7 29. Nb3 Rxd3 30. Qxd3 Qd7 31. Qxd7+ Kxd7 32. Nc5+ Kc6 33. Kf2 Nxa3 34. Nxa6 Nc2 35. Ke2 Kb6 36. Kd2 Nxe3 37. Kxe3 Kxa6 38. Kd4 Kb6 39. Ke5 Kc6 40. f4 Kd7 41. h3 f6+ 42. Kd4 Kd6 43. Ke3 g5 44. Kf3 f5 45. Ke3 gxf4+ 46. Kxf4 fxe4 47. Kxe4 e5 48. h4 h5 49. Ke3 Kd5 50. Kd3 e4+ 51. Ke3 Ke5 52. Ke2 Kd4 53. Kd2 Kc4 0-1

[Event "Treviso op-A 4th"]
[Site "Treviso"]
[Date "2023.04.01"]
[Round "2"]
[White "Budyi, Danylo"]
[Black "Scarpa, Claudia"]
[Result "1-0"]
[WhiteElo "1857"]
[BlackElo "1731"]
[PlyCount "95"]
[EventDate "2023.03.31"]
[EventType "swiss"]
[EventRounds "5"]
[EventCountry "ITA"]
[SourceTitle "EXT 2024"]
[Source "ChessBase"]
[SourceDate "2023.10.10"]
[SourceVersion "1"]
[SourceVersionDate "2023.10.10"]
[SourceQuality "1"]

1. b4 d5 2. Bb2 Nf6 3. e3 Bf5 4. Nf3 e6 5. a3 Nbd7 6. c4 a5 7. bxa5 Rxa5 8. Nc3 dxc4 9. Bxc4 Nb6 10. Be2 Bd3 11. Nd4 e5 12. Bxd3 exd4 13. Ne4 Nxe4 14. Bxe4 dxe3 15. dxe3 Qxd1+ 16. Kxd1 Nc4 17. Bc3 Ra7 18. a4 Nd6 19. Bf3 Nf5 20. g4 Nh4 21. Be4 Bc5 22. Bxg7 Rg8 23. Bf6 Rxg4 24. f3 Nxf3 25. Bxf3 Rgxa4 26. Rxa4 Rxa4 27. Bxb7 Ra2 28. Bd5 Rf2 29. Bd4 Bb4 30. Bc6+ Ke7 31. Be5 Rd2+ 32. Kc1 Re2 33. Bf4 Bd6 34. Kd1 Rf2 35. Ke1 Rb2 36. Bxd6+ Kxd6 37. Bf3 Kc5 38. Be2 Rb1+ 39. Bd1 Rb2 40. h3 Kb4 41. Rf1 Rh2 42. Rf4+ Kc3 43. Be2 Rh1+ 44. Bf1 Rh2 45. Rc4+ Kb3 46. Rxc7 f6 47. Rxh7 Rc2 48. Rb7+ 1-0

[Event "ITA-chTB 53rd"]
[Site "Montesilvano"]
[Date "2022.04.21"]
[Round "4.2"]
[White "Lapiccirella, Daniele"]
[Black "Budyi, Danylo"]
[Result "1-0"]
[WhiteElo "2184"]
[BlackElo "1817"]
[PlyCount "73"]
[EventDate "2022.04.19"]
[EventType "team-tourn"]
[EventRounds "7"]
[EventCountry "ITA"]
[SourceTitle "CBM 207 Extra"]
[Source "ChessBase"]
[SourceDate "2022.05.31"]
[SourceVersion "1"]
[SourceVersionDate "2022.05.31"]
[SourceQuality "1"]
[WhiteTeam "Cerianese Scacchistica"]
[BlackTeam "Montebelluna Master"]
[WhiteTeamCountry "ITA"]
[BlackTeamCountry "ITA"]

1. d4 d5 2. c4 e6 3. Nc3 Nf6 4. cxd5 exd5 5. Bg5 Be7 6. e3 c6 7. Bd3 Nbd7 8. h3 h6 9. Bf4 Nf8 10. Nf3 Ne6 11. Bh2 Qb6 12. Qc2 0-0 13. 0-0 c5 14. Na4 Qa5 15. Nxc5 Nxc5 16. dxc5 Be6 17. Nd4 Qxc5 18. Qb3 Bd6 19. Bxd6 Qxd6 20. Rfc1 a6 21. Qxb7 Rfb8 22. Qc6 Qxc6 23. Rxc6 Rxb2 24. Rxa6 Rxa6 25. Bxa6 Ne4 26. a4 Nxf2 27. Nxe6 fxe6 28. Bc8 Kf7 29. Rf1 Ke7 30. Rxf2 Rb1+ 31. Rf1 Rb3 32. Ra1 Rxe3 33. a5 Rc3 34. Bb7 d4 35. a6 d3 36. a7 d2 37. Rd1 1-0

[Event "Bassano del Grappa Easter op-A 2nd"]
[Site "Bassano del Grappa"]
[Date "2022.04.18"]
[Round "9"]
[White "Bajorski, Marius"]
[Black "Budyi, Danylo"]
[Result "1/2-1/2"]
[WhiteElo "1857"]
[BlackElo "1817"]
[PlyCount "137"]
[EventDate "2022.04.14"]
[EventType "swiss"]
[EventRounds "9"]
[EventCountry "ITA"]
[SourceTitle "EXT 2024"]
[Source "ChessBase"]
[SourceDate "2023.10.10"]
[SourceVersion "1"]
[SourceVersionDate "2023.10.10"]
[SourceQuality "1"]

1. e4 e6 2. d4 d5 3. Bd3 dxe4 4. Bxe4 Nd7 5. c4 Ngf6 6. Bf3 Nb6 7. Nc3 c6 8. b3 Bb4 9. Nge2 0-0 10. 0-0 h6 11. Qc2 Nbd7 12. Bf4 g5 13. Be3 Qc7 14. Ng3 Bxc3 15. Qxc3 b6 16. h4 Nh7 17. Nh5 f6 18. Bd1 f5 19. d5 Ndf6 20. dxc6 e5 21. Bc1 Nxh5 22. Bxh5 Nf6 23. Be2 Ne4 24. Qf3 g4 25. Qe3 Rf6 26. Bxg4 Qxc6 27. Bf3 Bb7 28. Bb2 Re8 29. Rad1 Qe6 30. Rfe1 Rg6 31. Bh5 f4 32. Qf3 Nc5 33. Rd5 e4 34. Qc3 Kh7 35. Re5 Qxe5 36. Bxg6+ Kxg6 37. Qxe5 Rxe5 38. Bxe5 Nd3 39. Bc3 Nxe1 40. Bxe1 Kf5 41. Bd2 Kg4 42. Kf1 h5 43. Ke1 e3 44. fxe3 fxe3 45. Bxe3 Bxg2 46. Bf2 Be4 47. Kd2 Kf5 48. Kc3 Ke6 49. b4 Kd7 50. b5 Kc7 51. Kb4 Kb7 52. c5 bxc5+ 53. Kxc5 a6 54. b6 Bc6 55. Bg3 Bf3 56. Bc7 Be4 57. Kd4 Bf3 58. Ke3 Bd1 59. Kf4 Be2 60. Kg5 Bd1 61. Kf6 Bf3 62. Ke7 Bc6 63. a3 Bf3 64. Ke8 Bc6+ 65. Kf7 Bf3 66. Kg6 Bd1 67. Kh7 Be2 68. Kg8 Bc4+ 69. Kh8 1/2-1/2

[Event "Arco Christmas op 11th"]
[Site "Arco"]
[Date "2021.12.26"]
[Round "1"]
[White "Budyi, Danylo"]
[Black "Perlin, Enrico"]
[Result "1/2-1/2"]
[WhiteElo "1928"]
[BlackElo "1645"]
[PlyCount "46"]
[EventDate "2021.12.26"]
[EventType "swiss"]
[EventRounds "7"]
[EventCountry "ITA"]
[SourceTitle "CBM 205 Extra"]
[Source "ChessBase"]
[SourceDate "2022.01.31"]
[SourceVersion "1"]
[SourceVersionDate "2022.01.31"]
[SourceQuality "1"]

1. d4 Nf6 2. c4 c5 3. d5 b5 4. cxb5 a6 5. bxa6 g6 6. Nc3 Bxa6 7. e4 Bxf1 8. Kxf1 d6 9. Nf3 Nbd7 10. g3 Bg7 11. Kg2 0-0 12. Bd2 Qb6 13. Qc2 Rfb8 14. Rab1 Qb4 15. a3 Qb3 16. Rhc1 Ng4 17. Bf4 Qxc2 18. Rxc2 Rb3 19. Nd2 Rb7 20. Nc4 Rb3 21. Nd2 Rb7 22. Nc4 Rb3 23. Nd2 Rb7 1/2-1/2

[Event "Mestre Sheraton op-B 1st"]
[Site "Mestre"]
[Date "2021.02.28"]
[Round "4"]
[White "Battagin, Mose"]
[Black "Budyi, Danylo"]
[Result "1-0"]
[WhiteElo "1825"]
[BlackElo "1785"]
[PlyCount "66"]
[EventDate "2021.02.26"]
[EventType "swiss"]
[EventRounds "5"]
[EventCountry "ITA"]
[SourceTitle "EXT 2023"]
[Source "ChessBase"]
[SourceDate "2022.10.05"]
[SourceVersion "1"]
[SourceVersionDate "2022.10.05"]
[SourceQuality "1"]

1. e4 e6 2. d3 d5 3. Nd2 Nf6 4. Ngf3 Be7 5. g3 0-0 6. Bg2 c5 7. 0-0 Nc6 8. e5 Nd7 9. Re1 Qc7 10. Qe2 b6 11. Nf1 Ba6 12. h4 c4 13. d4 Nb4 14. Qd1 c3 15. b3 b5 16. Bf4 Nc6 17. a3 Bb7 18. h5 a5 19. N1h2 b4 20. a4 Rfe8 21. Ng4 Nf8 22. Qd3 Ba6 23. Qe3 Nb8 24. Nf6+ gxf6 25. exf6 Qd8 26. fxe7 Qxe7 27. Ne5 Ra7 28. Qf3 f6 29. Ng4 Nc6 30. Rad1 Bb7 31. Nh6+ Kh8 32. Nf5 Qd7 33. Nh6 Qd8 1-0

[Event "Elitzur Int Online"]
[Site "Chess.com INT"]
[Date "2020.11.01"]
[Round "6"]
[White "Budyi, Danylo"]
[Black "Efremova, Yulia"]
[Result "0-1"]
[WhiteElo "1702"]
[BlackElo "2128"]
[PlyCount "80"]
[EventDate "2020.11.01"]
[EventType "swiss (blitz)"]
[EventRounds "11"]
[EventCountry "ISR"]
[SourceTitle "CBM 199 Extra"]
[Source "ChessBase"]
[SourceDate "2021.01.31"]
[SourceVersion "1"]
[SourceVersionDate "2021.01.31"]
[SourceQuality "1"]

1. d4 e5 2. dxe5 Nc6 3. Nf3 Qe7 4. Qd5 f6 5. exf6 Nxf6 6. Qd1 d5 7. c3 Bf5 8. Bg5 0-0-0 9. Qb3 h6 10. Bxf6 Qxf6 11. Nbd2 Bc5 12. e3 g5 13. Nd4 Bg6 14. Nxc6 Qxc6 15. Qb5 Qxb5 16. Bxb5 c6 17. Be2 h5 18. Nb3 Bd6 19. Nd4 g4 20. 0-0-0 Rdf8 21. f3 gxf3 22. Bxf3 h4 23. Rdf1 Re8 24. Kd2 Kb8 25. Bg4 Be4 26. Bf3 Bg6 27. Bg4 Rhf8 28. Bf5 Bh5 29. Bd7 Rxf1 30. Rxf1 Rg8 31. Bh3 Bxh2 32. Rf5 Be8 33. Rf6 a6 34. Ke2 Bh5+ 35. Kd2 Ka7 36. Kc2 Bg1 37. Kd3 Re8 38. Nf5 Rg8 39. Rh6 Bg6 40. Rxh4 Rf8 0-1

[Event "Elitzur Int Online"]
[Site "Chess.com INT"]
[Date "2020.11.01"]
[Round "4"]
[White "Budyi, Danylo"]
[Black "Petrova, Irina"]
[Result "0-1"]
[WhiteElo "1702"]
[BlackElo "2077"]
[PlyCount "60"]
[EventDate "2020.11.01"]
[EventType "swiss (blitz)"]
[EventRounds "11"]
[EventCountry "ISR"]
[SourceTitle "CBM 199 Extra"]
[Source "ChessBase"]
[SourceDate "2021.01.31"]
[SourceVersion "1"]
[SourceVersionDate "2021.01.31"]
[SourceQuality "1"]

1. d4 d6 2. c4 e5 3. dxe5 dxe5 4. Qxd8+ Kxd8 5. Nc3 c6 6. e4 Be6 7. Be3 f6 8. f3 Nd7 9. 0-0-0 Kc7 10. Nge2 Bxc4 11. f4 Ne7 12. fxe5 fxe5 13. Ng3 Be6 14. Be2 Nc8 15. Nf5 g6 16. Nh4 Ncb6 17. Nf3 Bb4 18. a3 Be7 19. Bg5 Bxg5+ 20. Nxg5 Bb3 21. Rd2 h6 22. Nf3 g5 23. h3 Rhe8 24. Bd1 Bxd1 25. Rhxd1 Nc5 26. Kb1 Nc4 27. Rf2 Rad8 28. Rxd8 Rxd8 29. b3 Nxa3+ 30. Kb2 Nd3+ 0-1